|
|
|
|
| LEADER |
00728nam a2200181Ia 4500 |
| 001 |
CTU_26823 |
| 008 |
210402s9999 xx 000 0 und d |
| 082 |
|
|
|a 543
|
| 082 |
|
|
|b H116/1987
|
| 100 |
|
|
|a Thái Thị ánh Hằng
|
| 245 |
|
0 |
|a Nghiên cứu sự tạo phức của sắt III bằng phương pháp trắc quang
|
| 245 |
|
0 |
|b Luận văn tốt nghiệp Đại học Sư phạm ngành Hóa Khóa 09
|
| 245 |
|
0 |
|c Thái Thị ánh Hằng
|
| 260 |
|
|
|a Cần Thơ
|
| 260 |
|
|
|b Trường Đại học Cần Thơ, Khoa Sư phạm, Bộ môn Hóa
|
| 260 |
|
|
|c 1987
|
| 904 |
|
|
|i Nguyễn Quang Điền, 981020
|
| 980 |
|
|
|a Trung tâm Học liệu Trường Đại học Cần Thơ
|